[Event "Karl Mala Memorial op-B 17th"]
[Site "Frankfurt"]
[Date "2014.08.03"]
[Round "7"]
[White "Lesny, Florian"]
[Black "Koehler, Ralph"]
[Result "1-0"]
[WhiteElo "1543"]
[BlackElo "1422"]
[PlyCount "117"]
[EventDate "2014.07.31"]
[EventType "swiss"]
[EventRounds "7"]
[EventCountry "GER"]
[SourceTitle "EXT 2015"]
[Source "ChessBase"]
[SourceDate "2014.11.20"]
[SourceVersion "1"]
[SourceVersionDate "2014.11.20"]
[SourceQuality "1"]

1. e4 e5 2. Nf3 Nc6 3. Bc4 Bc5 4. c3 Nf6 5. d3 0-0 6. 0-0 d6 7. a4 a6 8. Nbd2 Bg4 9. h3 Bh5 10. Re1 Re8 11. Nf1 d5 12. exd5 Nxd5 13. Ng3 Bg6 14. d4 Ba7 15. dxe5 Nb6 16. Qxd8 Raxd8 17. Bb3 Na5 18. Bd1 Rd5 19. Bf4 c5 20. Ne4 Bxe4 21. Rxe4 Nc6 22. Bb3 Rdd8 23. Rae1 Na5 24. Bc2 Nbc4 25. b4 cxb4 26. cxb4 Na3 27. Bd1 Nc6 28. Kf1 b5 29. g4 Nc4 30. axb5 axb5 31. Bb3 Nxb4 32. Bxc4 bxc4 33. Rxc4 Nd3 34. Re2 Nxf4 35. Rxf4 Rd1+ 36. Re1 Rxe1+ 37. Kxe1 f6 38. Re4 Bb8 39. e6 g6 40. Nd4 Bd6 41. f4 Kf8 42. Ke2 Rc8 43. f5 g5 44. Nf3 Rc2+ 45. Nd2 Bc5 46. Rc4 Rxc4 47. Nxc4 Ke7 48. Kd3 Bb4 49. Ke4 Ke8 50. Kd5 Ke7 51. Kc6 Kd8 52. Ne3 Ba3 53. Nd5 Bb2 54. e7+ Ke8 55. Kd6 h5 56. Ke6 Be5 57. gxh5 g4 58. hxg4 Bf4 59. Nxf6# 1-0

[Event "Karl Mala Memorial op-B 17th"]
[Site "Frankfurt"]
[Date "2014.08.02"]
[Round "4"]
[White "Koehler, Ralph"]
[Black "Polak, Alice"]
[Result "1-0"]
[WhiteElo "1422"]
[BlackElo "911"]
[PlyCount "117"]
[EventDate "2014.07.31"]
[EventType "swiss"]
[EventRounds "7"]
[EventCountry "GER"]
[SourceTitle "EXT 2015"]
[Source "ChessBase"]
[SourceDate "2014.11.20"]
[SourceVersion "1"]
[SourceVersionDate "2014.11.20"]
[SourceQuality "1"]

1. e4 e5 2. Nf3 Nf6 3. Nc3 Bb4 4. Bc4 0-0 5. d3 d5 6. exd5 Nxd5 7. Bxd5 Qxd5 8. Bd2 Bxc3 9. Bxc3 Bg4 10. 0-0 Bxf3 11. Qxf3 Qxf3 12. gxf3 Nc6 13. Rfe1 Rfe8 14. Re4 f5 15. Re2 Nd4 16. Bxd4 exd4 17. Rae1 Rxe2 18. Rxe2 Kf7 19. Re5 Kf6 20. Rd5 Re8 21. Kf1 c5 22. Rxc5 Re5 23. Rc7 Rb5 24. b3 Ke5 25. Ke2 Kf6 26. Rd7 Rc5 27. Kd2 Ra5 28. a4 b5 29. axb5 Rxb5 30. Rxa7 h5 31. Rd7 Rb4 32. f4 g6 33. h4 Ke6 34. Ra7 Kd5 35. Rg7 Rb6 36. Kc1 Re6 37. Kd2 Kc5 38. Rd7 Rd6 39. Rxd6 Kxd6 40. c3 Kc5 41. cxd4+ Kxd4 42. Kc2 Kd5 43. Kc3 Kc5 44. b4+ Kb5 45. d4 Kc6 46. Kc4 Kd6 47. b5 Kc7 48. Kc5 Kb7 49. b6 Kc8 50. Kc6 Kb8 51. b7 Ka7 52. Kc7 Ka6 53. b8Q Ka5 54. Qb6+ Ka4 55. d5 Ka3 56. d6 Ka4 57. d7 Ka3 58. d8R Ka4 59. Ra8# 1-0

[Event "Karl Mala Memorial op-B 16th"]
[Site "Frankfurt"]
[Date "2013.07.14"]
[Round "6"]
[White "Koehler, Ralph"]
[Black "Werle, Joshua"]
[Result "1-0"]
[WhiteElo "1443"]
[BlackElo "1132"]
[PlyCount "105"]
[EventDate "2013.07.11"]
[EventType "swiss"]
[EventRounds "7"]
[EventCountry "GER"]
[SourceTitle "CBM 155 Extra"]
[Source "ChessBase"]
[SourceDate "2013.08.26"]
[SourceVersion "1"]
[SourceVersionDate "2013.08.26"]
[SourceQuality "1"]

1. e4 Nf6 2. Nc3 d5 3. e5 Nfd7 4. d4 e6 5. Nf3 c5 6. Be3 Nc6 7. Bb5 cxd4 8. Bxd4 a6 9. Bxc6 bxc6 10. Ne2 Qc7 11. b3 c5 12. Bb2 d4 13. 0-0 Bb7 14. Ng3 Nxe5 15. Nxe5 Qxe5 16. Re1 Qd5 17. f3 Bd6 18. Ne4 Bf4 19. Bc1 Bxc1 20. Rxc1 f5 21. Ng5 Bc8 22. Qe2 Ke7 23. Qe5 Qxe5 24. Rxe5 h6 25. Nxe6 Kf6 26. Rce1 Re8 27. Nc7 Rxe5 28. Rxe5 Kxe5 29. Nxa8 Kd6 30. Nb6 Be6 31. Kf2 Kc6 32. Na4 f4 33. Nb2 Bf5 34. Nd3 Bxd3 35. cxd3 Kb5 36. a3 a5 37. Ke2 a4 38. Kd2 axb3 39. Kc1 Ka4 40. Kb2 h5 41. g3 g5 42. gxf4 gxf4 43. h4 Kb5 44. Kxb3 Ka5 45. Kc4 Ka4 46. Kxc5 Kxa3 47. Kxd4 Kb4 48. Ke4 Kc3 49. Kxf4 Kxd3 50. Kg5 Ke3 51. Kxh5 Kxf3 52. Kg6 Kf4 53. h5 1-0